BIBLIOTECA

SENCICO

Mueble moderno / (Registro nro. 2488)

Detalles MARC
000 -LEADER
fixed length control field 00890nam a2200277Ia 4500
003 - CONTROL NUMBER IDENTIFIER
control field PE SENCICO BE
005 - DATE AND TIME OF LATEST TRANSACTION
control field 20260219145729.0
008 - FIXED-LENGTH DATA ELEMENTS--GENERAL INFORMATION
fixed length control field 200515s9999 xx 000 0 und d
020 ## - INTERNATIONAL STANDARD BOOK NUMBER
International Standard Book Number 978-9962-04-119-1
040 ## - CATALOGING SOURCE
Original cataloging agency PE SENCICO BE
Transcribing agency PE SENCICO BE
041 ## - LANGUAGE CODE
Language code of text/sound track or separate title spa
082 ## - DEWEY DECIMAL CLASSIFICATION NUMBER
Classification number 749
Item number A81
110 1# - MAIN ENTRY--CORPORATE NAME
Corporate name or jurisdiction name as entry element Lexus editores
9 (RLIN) 88
Relator term autor
245 10 - TITLE STATEMENT
Title Mueble moderno /
Statement of responsibility, etc. Lexus editores
250 ## - EDITION STATEMENT
Edition statement [1a ed.]
260 ## - PUBLICATION, DISTRIBUTION, ETC.
Place of publication, distribution, etc. China :
Name of publisher, distributor, etc. Lexus editores ;
Date of publication, distribution, etc. 2014
300 ## - PHYSICAL DESCRIPTION
Extent 200 páginas :
Other physical details ilustraciones a color, láminas ;
Dimensions 34 cm.
505 0# - FORMATTED CONTENTS NOTE
Formatted contents note Comedor -- Salón -- Habitación principal -- Habitación juvenil
520 3# - SUMMARY, ETC.
Summary, etc. Muebles modernos para distintas habitaciones
650 10 - SUBJECT ADDED ENTRY--TOPICAL TERM
Topical term or geographic name entry element Muebles
9 (RLIN) 7
650 20 - SUBJECT ADDED ENTRY--TOPICAL TERM
Topical term or geographic name entry element Muebles para niños
9 (RLIN) 319
650 20 - SUBJECT ADDED ENTRY--TOPICAL TERM
Topical term or geographic name entry element Muebles de sala
9 (RLIN) 320
650 20 - SUBJECT ADDED ENTRY--TOPICAL TERM
Topical term or geographic name entry element Muebles para comedores
9 (RLIN) 321
700 1# - ADDED ENTRY--PERSONAL NAME
Personal name Asensio, Óscar
9 (RLIN) 18
Relator term editor
942 ## - ADDED ENTRY ELEMENTS (KOHA)
Koha item type Libros
Source of classification or shelving scheme Dewey Decimal Classification
Existencias
Fecha de la última vez que lo usaron Número de ingreso o de inventario Pago total Signatura topográfica completa Código de barras Precio efectivo desde Tipo de documento Estado perdido Sistema de clasificación Estado dañado No es para préstamo Retirado Ubicación permanente Ubicación actual Fecha de adquisición
26/11/2025     747/L BibZareq25112587 26/11/2025 Libros   Dewey Decimal Classification       Biblioteca Arequipa Biblioteca Arequipa 26/11/2025
15/05/2020 15970   747/L BibLima25112586 15/05/2020 Libros   Dewey Decimal Classification       Biblioteca Central Lima Biblioteca Central Lima 15/05/2020